00612na a2200205 450000100060000000300080000600500170001400800410003102000180007204000250009004100080011508200250012324500530014824600400020126000510024130000190029265000310031170000240034274000400036624533MIRAKIL20181213155336.0181128b tu 000 0  a9789944174763 aMilasbturcTR-AnCHP atur a818.4203bÇ36 2008 aÇerkez Ethem'in anılarıceditor Ahmet Seyrek abir kahraman mı yoksa bir hain mi? aİstanbulbNokta kitapc2008fKilim matbaası a240 s.c21 sm. aTürk edebiyatıxAnılar aSeyrek, Ahmet eed. aBir kahraman mı yoksa bir hain mi?